| 000 | 00379 a2200169 4500 | ||
|---|---|---|---|
| 001 | 56391 | ||
| 020 | _a852623126x | ||
| 040 | _cAnchieta - Pituba | ||
| 100 | _aCavalcante-Luther, Lídia | ||
| 240 | 1 | 0 |
_aRazão e sensibilidade _lpor |
| 245 | 1 | 0 | _aRazão e sensibilidade |
| 300 | _a103 | ||
| 362 | 0 | _a1997 | |
| 440 | 1 | _aScipione | |
| 650 | 4 | _aLiteratura juvenil | |
| 942 | _cBK | ||
| 999 |
_c56391 _d56391 |
||